Statistics for Country Flags with a Plus Sign

Click here to take the quiz!

General Stats

  • This quiz has been taken 29 times
    (7 since last reset)
  • The average score is 20 of 23

Answer Stats

Answer% Correct
Denmark
100%
Finland
100%
Georgia
100%
Greece
100%
Iceland
100%
Norway
100%
Sweden
100%
Switzerland
100%
Vatican City
100%
Australia
86%
Malta
86%
New Zealand
86%
Spain
86%
Tonga
86%
United Kingdom
86%
Dominica
71%
Dominican Republic
71%
Fiji
71%
Liechtenstein
71%
Moldova
71%
San Marino
71%
Serbia
71%
Slovakia
71%

Score Distribution

Percentile by Number Answered

Percent of People with Each Score

Your Score History

You have not taken this quiz since the last reset